[Event "EU-ch U10"]
[Site "Bratislava"]
[Date "2019.08.03"]
[Round "2"]
[White "Koblov, Egor"]
[Black "Silaghi, Matias Radu"]
[Result "1-0"]
[WhiteElo "1338"]
[BlackElo "1003"]
[PlyCount "73"]
[EventDate "2019.08.02"]
[EventType "swiss"]
[EventRounds "9"]
[EventCountry "SVK"]
[SourceTitle "EXT 2020"]
[Source "ChessBase"]
[SourceDate "2019.10.17"]
[SourceVersion "1"]
[SourceVersionDate "2019.10.17"]
[SourceQuality "1"]

1. e4 d6 2. d4 Nf6 3. Nc3 g6 4. Nf3 Bg7 5. Be2 0-0 6. 0-0 c5 7. d5 Bg4 8. h3 Bxf3 9. Bxf3 Nbd7 10. Bf4 Re8 11. Qd2 e5 12. dxe6 Rxe6 13. Bxd6 Ne5 14. Rad1 Nc4 15. Qg5 Nxd6 16. e5 h6 17. Qd2 Qe7 18. exd6 Qd7 19. Rfe1 Rxe1+ 20. Qxe1 Re8 21. Qf1 Nh5 22. Qb5 Qe6 23. d7 Rd8 24. Qxc5 Be5 25. Re1 f6 26. Bd5 Qxd5 27. Qxd5+ Kh7 28. Qf7+ Kh8 29. Qe7 Ra8 30. d8Q+ Rxd8 31. Qxd8+ Kh7 32. Qe7+ Kh8 33. Rd1 Bd6 34. Rxd6 Ng7 35. Rd8+ Kh7 36. Rd7 Kg8 37. Qxg7# 1-0

[Event "EU-ch U10 28th"]
[Site "Riga"]
[Date "2018.08.20"]
[Round "1"]
[White "Magold, Filip"]
[Black "Koblov, Egor"]
[Result "1-0"]
[WhiteElo "1703"]
[BlackElo "1295"]
[PlyCount "31"]
[EventDate "2018.08.20"]
[EventType "swiss"]
[EventRounds "9"]
[EventCountry "LAT"]
[SourceTitle "CBM 186 Extra"]
[Source "ChessBase"]
[SourceDate "2018.08.24"]
[SourceVersion "1"]
[SourceVersionDate "2018.08.24"]
[SourceQuality "1"]

1. e4 c5 2. c3 d5 3. exd5 Qxd5 4. d4 Nc6 5. Be3 cxd4 6. cxd4 Nf6 7. Nc3 Qd6 8. a3 e6 9. Nf3 Be7 10. Bd3 0-0 11. 0-0 b6 12. Qe2 Bb7 13. Rad1 Rfd8 14. Rfe1 Re8 15. Bb1 g6 16. Ba2 1-0